| 000 | 00372nam a2200157Ia 4500 | ||
|---|---|---|---|
| 100 | _aSloss/Andrew N | ||
| 650 | _aOptimizing | ||
| 942 | _cBK | ||
| 366 | _f25 | ||
| 245 | _aARM system Developers Guide:Designing and optimizing system software | ||
| 260 |
_bMorgan Kaufman _c2004 |
||
| 082 |
_a4.1 _bSLO |
||
| 300 | _a689 | ||
| 546 |
_aENGLISH _cComputers |
||
| 999 |
_c22834 _d22834 |
||